|
|
|
|
| LEADER |
00796nam a22001817a 4500 |
| 008 |
160120b xxu||||| |||| 00| 0 eng d |
| 020 |
|
|
|a 9789385488603
|
| 082 |
|
|
|a 346.0486 PRA
|
| 100 |
|
|
|a പ്രഭു,അജിത്
|
| 240 |
|
|
|a Baudhika swathum avakasangalum
|
| 245 |
|
|
|a ബൌദ്ധികസ്വത്തും അവകാശങ്ങളും /
|c അജിത് പ്രഭു
|
| 250 |
|
|
|a 1st ed.
|
| 260 |
|
|
|a കോട്ടയം :
|b നാഷണല് ബുക്ക് സ്റ്റാള്,
|c 2015.
|
| 300 |
|
|
|a 126p.
|
| 700 |
|
|
|a Prabhu, Ajit
|
| 942 |
|
|
|2 ddc
|c BK
|
| 999 |
|
|
|c 13700
|d 13700
|
| 952 |
|
|
|0 0
|1 0
|2 ddc
|4 0
|6 346_048600000000000_PRA
|7 0
|9 19533
|a MAIN
|b MAIN
|d 2016-01-20
|e National Book Stall
|g 100.00
|l 5
|o 346.0486 PRA
|p 19302
|r 2018-06-27
|s 2018-06-23
|t 1
|w 2016-01-20
|y BK
|